Ejercicios para uniformar en la República Mexicana la hora santa en memoria de la institución del Ssmo. Sacramento...

Detalles Bibliográficos
Autor principal: MARTINEZ Y SAEZ, Jacinto María (Fray)
Formato: Libro
Publicado: Puebla de los Angeles 1883
Materias:
Colección:Banco de datos
Acervo:Biblioteca del Convento de Santa Mónica de la Ciudad de Puebla. Puebla
Tema general:Ascética
Notas:Regular. D3, 34.
LEADER 00769nam a22001930004500
035 |a 50595 
036 |a 363 
100 1 |a MARTINEZ Y SAEZ, Jacinto María (Fray) 
245 1 0 |a Ejercicios para uniformar en la República Mexicana la hora santa en memoria de la institución del Ssmo. Sacramento...  |c Tomás Aquino Martínez López corr. 
260 |a Puebla de los Angeles  |b Imp. del Colegio Pío de Artes imp.  |c 1883 
500 |a Regular. D3, 34. 
650 1 0 |a Ascética 
949 |a CRP 
959 |a Ex convento de Santa Mónica. Puebla, Puebla  |b CCC5 
960 |a Convento de Santa Mónica de la ciudad de Puebla  |b DD88 
961 |a Franciscana  |b OF 
942 |c CRP-SM 
943 |g Biblioteca del Convento de Santa Mónica de la Ciudad de Puebla. Puebla 
999 |c 960933  |d 960933